| 000 | 00341nam a2200145Ia 4500 | ||
|---|---|---|---|
| 008 | 230917s9999||||xx |||||||||||||| ||und|| | ||
| 040 |
_e18622 _aMAIN |
||
| 041 | _aEnglish | ||
| 082 | _a519.5 Y42A | ||
| 100 | _aYeomans, K A | ||
| 245 | 0 | _aApplied statistics, V2 | |
| 260 |
_aLondon _bPenguin Books _c1968 |
||
| 300 | _a387 p. | ||
| 942 | _cBK | ||
| 999 |
_c89522 _d89522 |
||